005560000a220009700045001000023000002450034000233000054000575200264001116500034003757730049004091 aChaparro, Fernando10aLey de ciencia y tecnología aVol.0, núm.10 ( Febrero/Abril 2008), Página 7 aActualmente cursa en el Congreso y en el Senado de la República un Proyecto de Ley de Ciencia y Tecnología, por medio del cual se modifica la Ley 29 de 1990 y se establece el marco jurídico para el desarrollo de la Sociedad del Conocimiento en Colombia14aEDUCACIÓN SUPERIOR-COLOMBIA0 tEducación superior : Boletín informativo